000 00574nam a2200217Ia 4500
003 OSt
005 20230317113435.0
008 210423s2010 xx 000 0 und d
020 _a9788173716775
040 _cAL
041 _aeng
082 _a547.7 KRIN
100 _aKRISHNASWAMY (N R).
_942018
245 _aChemistry of natural products: a unified approach.
250 _a2
260 _aHyderabad
_bUniversities Press
_c2010
300 _axiii,417
_bPB
365 _cINR
906 _aapproach. ; Chemistry ; natural ; products: ; unified
942 _2ddc
_cBK
999 _c154691
_d154691